| 000 | 00594pam a2200193 a 4500 | ||
|---|---|---|---|
| 020 | _a0471624047 | ||
| 040 | _cDLC | ||
| 082 | 0 | 0 | _a551 WIL 1990 A027 Or. |
| 100 | 1 | _aWanielista, Martin P. | |
| 245 | 1 | 0 | _aHydrology and water quantity control / |
| 260 |
_aNew York : _bWiley, _cc1990. |
||
| 300 |
_axx, 565 p. : _bill. ; _c25 cm. + _ecomputer disk. |
||
| 650 | 0 | _aWater-supply | |
| 650 | 0 | _aHydrology. | |
| 650 | 0 | _aRunoff. | |
| 856 | 4 | 2 | _uhttp://www.loc.gov/catdir/enhancements/fy0607/89038369-d.html |
| 856 | 4 | 1 | _uhttp://www.loc.gov/catdir/enhancements/fy0607/89038369-t.html |
| 942 | _cEK | ||
| 999 |
_c13446 _d13446 |
||